La Sexualitat humana 1 : 35 qüestions sobre la sexualitat per a nois i noies de 14 a 17 anys 35 qüestions sobre la sexualitat per a nois i noies de 14 a 17 anys
ISBN:
8477940118
Descripción Física:
15 p. : il.; 17 x 25 cm
Colección:
Quadernets de Joventut
Materias:
Educació sexual per a joves
MARC
| LEADER | 00000nam a2200000Ia 4500 | ||
|---|---|---|---|
| 001 | 24067 | ||
| 008 | 160829s1988 xx 000 0 cat d | ||
| 020 | |a 8477940118 | ||
| 080 | |a FU-64-26 | ||
| 100 | |a Faro, Conxita |9 50017 | ||
| 245 | |a La Sexualitat humana 1 : |b 35 qüestions sobre la sexualitat per a nois i noies de 14 a 17 anys | ||
| 260 | |a Barcelona : |b Diputació de Barcelona. Servei de Joventut, |c 1988 | ||
| 300 | |a 15 p. : |b il.; |c 17 x 25 cm | ||
| 490 | |a Quadernets de Joventut | ||
| 590 | |a Bibliografía | ||
| 650 | 0 | |a Educació sexual per a joves |9 50018 | |
| 710 | 1 | |a Barcelona (Catalunya : Província). |b Servei de Joventut |9 54681 | |
| 901 | |a Arxiu | ||
| 942 | |n 1 | ||
| 952 | |0 0 |1 0 |4 0 |6 FU6426 |7 1 |9 55737 |a Arxiu |b Arxiu |d 2016-12-01 |l 0 |o FU-64-26 |p 24067 |r 2016-12-01 00:00:00 |w 2016-12-01 |y ARXIU | ||
| 999 | |c 59610 |d 59610 | ||